000 00580nam a2200217Ia 4500
003 GCL
008 140319s9999 xx 000 0 eng d
020 _a0003700356
040 _aGCL /
_cGCL
082 0 4 _a428
_bW E
100 1 _aWILLIS, DAVE
245 1 0 _aENGLISH COURSE /
_cWILLIS, DAVE
700 1 _aWILLIS, JANE
260 _aانجلترا :
_bWILLIAM COLLINS SONS & LTD ،
_c1989
300 _a163 P:
_bILL ؛
_c24 cm.
650 0 4 _aFOREIGN SPEAKERS
650 0 4 _aENGLISH LANGUAGE
650 0 4 _aFOREIGN LANGUAGE
650 0 4 _aSTUDY AND LEARNING
942 _2ddc
_cBK
999 _c25509
_d25509